000
00284nam a2200121Ia 4500
008
220204s9999 xx 000 0 und d
082
_a
641.85
_b
WAL
100
_a
Evelyn
245
0
_a
Cake decorating and sugar craft
250
_a
Ed.3
260
_a
London
_b
Hamlyn
_c
1975
942
_c
BK
999
_c
32804
_d
32804